00626nam a22001937a 450000500170000000800410001702000180005804000210007604100080009708200130010510000290011824501330014725000170028026000410029730000100033865000210034865000280036970000350039720230830142328.0230830b ||||| |||| 00| 0 eng d a9789389491814 aIN-DiNCcIN-DiNC dasm a934bNAT aNath, Bhrigumonieauthor aBharatbarshar itihas:bprak aitihasik jugar pora khristapurba 300 loike (Major 1)/cby Bhrigumoni Nath and Dipamjyoti Buragohain a1st ed.bV.1 aGuwahati:bAshok publication,c2023. a215p. aHistory of India aPrehistory to c. 300 BC aBuragohain, Dipamjyotieauthor